000 00742nam a2200229Ia 4500
003 OSt
005 20221005125607.0
006 a|||||r|||| 00| 0
007 ta
008 221004b |||||||| |||| 00| 0 eng d
024 _a54434
037 _cTextual
040 _aCRL
_cCRL
_beng
041 _2eng
_aeng
082 _aT.2.N63t4, K3-;1
100 _aNational Council of Educational Research and Training (India),Regional colleges Unit.
_9636869
245 0 _aPlan and programme
_b Regional colleges of education.
260 _c1963
650 _aEDUCATION
942 _hT.2.N63t4, K3-;1
_cTEXL
_2cc
999 _c1054465
_d1054465